Management Decisions Leading to Ownership Transactions

Guardado en:
Detalles Bibliográficos
Autor principal: Ondrušová, Lucia, 1981-
Formato: Capítulo de libro
Lenguaje:inglés
Materias:
Etiquetas: Agregar Etiqueta
Sin Etiquetas, Sea el primero en etiquetar este registro!

MARC

LEADER 00000naa$a2200000$$$4500
001 0144521
005 20240502083334.1
041 0 |a eng 
044 |a RS 
245 1 0 |a Management Decisions Leading to Ownership Transactions  |c Lucia Ondrušová 
500 |a Abstrakt 
610 2 0 |a závierka účtovná 
610 2 0 |a informácie 
610 2 0 |a rozhodovanie 
610 2 0 |a rozhodovanie manažérske 
100 1 |a Ondrušová, Lucia, 1981-